000 00434nam a2200169 4500
001 45153
090 _a45153
100 _a20251117 pory50
101 _apor
102 _aPT
200 _aMétodo pratico de Bordar À Mão me à Máquina
_fcoord. Irene Barata Alves
210 _a[Lisboa]
_cCentro de Estudos por Correspondência
_d[S.d.]
215 _av.
675 _a746(03)
675 _a746.3
801 _aPT
_gRPC
990 _cLIVROS